000 01406nam a2200337 a 4500
001 000000813
003 DO-SdBNP
005 20251203091641.0
008 090522s1998 sp 000 0 spa d
020 _a8474322154
020 _a9788474322156
040 _aDO-SdBNP
_bspa
_cBNPHU
041 1 7 _aspa
_2eng
082 4 _a782.1
_bO81c
_222
100 1 _aOsborne, Charles
_92831
240 _aHow to Enjoy Opera
_lEspañol
245 1 0 _aComo disfrutar de la ópera :
_bguía prática. Incluye la sinopsis de las cien óperas más famosas /
_cCharles Osborne ; traducción Eduardo Dulitzky ; Introducción Melvyn Bragg.
250 _a3a ed.
260 _aBarcelona :
_bGedisa,
_c1998.
300 _a173 p. ;
_c20 cm.
490 0 _aPráctica
500 _aIncluye glosario: p. 147-162
500 _aIncluye datos de la obra en la contracubierta
504 _aBibliografía: p.163-164
505 0 _aIntroducción / Melvyn Bragg -- Qué es la ópera -- Los elementos esenciales de la ópera -- Dónde encontrar ópera -- El lenguaje de la ópera -- Primeras óperas -- La ópera en el siglo XVIII -- La ópera en el siglo XIX -- La ópera en el siglo XX -- El futuro de la ópera -- Cien óperas para disfrutar -- Glosario -- Bibliografía.
650 0 _aÓpera
_92832
700 1 _aDulitzky, Eduardo
_etr.
_92834
700 1 _aBragg, Melvyn
_92835
830 0 _aPráctica
_92836
942 _2ddc
_cLBS1
999 _c809
_d809